00821nam a2200205 a 450000100060000000300080000600500170001400800410003103500190007203500190009104000320011004100080014208200240015010000400017424501380021426000380035230000210039050501730041160000310058462907BD-RjUL20211209081136.0170126s1934 enk 000 0 eng d a(BD-RjUL)63035 a(OCoLC)4991291 aDZMcDZMdm.cdBD-RjULbeng aeng a821.1223bLOG 19341 aLowes, John Livingston,d1867-1945.10aGeoffrey Chaucer :blectures delivered in 1932 on the William J. Cooper Foundation in Swarthmore College /cby John Livingston Lowes. aOxford :bClarendon Press,c1934. a199 p. ;c22 cm.00aContents: 1. Backgrounds and horizons -- 2. The world of affairs -- 3. The world of books -- 4. Old forms and new content -- 5. The mastered art -- 6. The human comedy.10aChaucer, Geoffrey,d-1400.